| 000 | 00964nam0a22002651 4500 | ||
|---|---|---|---|
| 001 | rc\3943546 | ||
| 005 | 20250611032421.0 | ||
| 021 |
_aRU _b[56-55050] |
||
| 035 | _a(NLR Aleph) 008039649 | ||
| 090 |
_a8872987 _c8872987 |
||
| 100 | _a20130415d1956 |||y0rusy50 ca | ||
| 101 | 0 | _arus | |
| 102 | _aRU | ||
| 105 | _aa j ||||| | ||
| 200 | 1 |
_aХрестоматия по русской литературе _eДля 7-го класса школ с венг. яз. обучения |
|
| 210 |
_aКиев _aУжгород _cРад. школа _d1956 |
||
| 215 |
_a296 с. _cил. _d21 |
||
| 300 | _aСост. указ. на обороте тит. л. | ||
| 606 |
_aРусская литература _jХрестоматии для нерусских школ _2psbo |
||
| 700 | 1 |
_aЛинтур _bП.В. _f1909-1969 _gПетр Васильевич |
|
| 801 | 0 |
_aRU _bNLR _gpsbo |
|
| 801 | 1 |
_aRU _bELAR _2rusmarc |
|
| 852 |
_aNLR _jЯ60 Г-3/1163 |
||
| 942 | _cBOOK | ||
| 980 | _aNB | ||